000 01095nac a22003137a 4500
001 BR9300720
003 BR-BrBNA
005 20240105121359.0
008 230509b bl.|||m| |||| 00| 0 por d
040 _aBR-BrBNA
_bpor
_cBiblioteca Nacional de Agricultura
072 _aF30; F01
090 _a0336 BR9300720
100 1 _aCarnielli, A.
100 1 _aVello, N.A.
110 1 _aUnidade de Execucao de Pesquisa de Ambito Estadual de Dourados, MS (Brasil)
245 1 _aParcelas em fileiras de tamanho reduzido ou em covas na avaliacao da produtividade e demais caracteristicas no melhoramento da soja
260 3 _aDourados, MS (Brasil):
_c1992.
300 _a22 p.
490 _aBoletim de Pesquisa - Unidade de Execucao de Pesquisa de Ambito Estadual de Dourados (Brazil)
_vno. 6
_xISSN 0102-0048
500 _a11 ref.; Summaries (En, Pt)
650 _aSoja
650 _aSemente
650 _aCova
650 _aMelhoramento Genetico Vegetal
650 _aProdutividade
650 _aGenotipo
909 _a202312
_bLúcia Elande
_c55
_dLúcia Elande
942 _2AGRIS
_n0
_cMS
999 _c284967
_d284967